=LDR 00000nam 2200000 4500 =001 INLIS000000000013352 =005 20130612104747 =008 ***********************************Ind** =035 ##$$0010-061300000013352 =041 ##$$a Ind =082 ##$$a 372.5 =090 ##$$a 372.5, Ker k =245 ##$$a Kerajinan tangan dan kesenian SD kelas 1 =260 ##$$a 2004 $b klaten =300 ##$$a ...jil, Ilus, 28 cm =650 ##$$a Kerajinan tangan ( pendidikan dasar ) =850 ##$$a NBPNMAT